| 000 | 00657nam a2200229 a 4500 | ||
|---|---|---|---|
| 999 |
_c2490 _d2490 |
||
| 001 | 2490 | ||
| 003 | BD-JhCC | ||
| 005 | 20171122161248.0 | ||
| 008 | 171102s1413 bg |||| ||a| 000 0 ben d | ||
| 020 | _a9848460122 | ||
| 035 | _a(BD-JhCC)2490 | ||
| 040 |
_aBD-JhCC _dBD-JhCC |
||
| 041 | _aben | ||
| 082 |
_a636.73 _bSEE 1413 |
||
| 245 |
_aশীপ ডগ / _cমশিয়ার রহমান (অনু.) |
||
| 260 |
_aঢাকা : _bনাফিস পাবলিকেশন্স, _c1413. |
||
| 300 |
_a80 p. : _c22 cm. |
||
| 650 | _aSheep and dogs | ||
| 700 | _aরহমান, মশিয়ার | ||
| 942 |
_2ddc _cBK |
||